Environmental Aspects of Circular Migration Study Impact on "Back up Zones" Development in the Russian Arctic Macroregion
Procesy cirkulárnej migrácie a analýza zvláštnych znakov v ruskej arktickej zóne. Podrobná analýza migračných procesov, hodnotenie najmä, cieľových ukazovateľov štátneho programu o presídlovaní krajanov. Humanitná migrácia z Ukrajiny do ruskej arktickej zóny.
Salvato in:
| Autore principale: | |
|---|---|
| Altri autori: | , |
| Natura: | Capitolo di libro |
| Lingua: | inglese |
| Soggetti: | |
| Tags: |
Nessun Tag, puoi essere il primo ad aggiungerne!!
|
MARC
| LEADER | 00000naa a2200000 4500 | ||
|---|---|---|---|
| 001 | 0235744 | ||
| 005 | 20240502083628.2 | ||
| 041 | 0 | |a eng | |
| 044 | |a IN | ||
| 245 | 1 | 0 | |a Environmental Aspects of Circular Migration Study Impact on "Back up Zones" Development in the Russian Arctic Macroregion |c Maria Pitukhina, Magdaléna Přívarová, Andrej Přívara |
| 520 | |a Procesy cirkulárnej migrácie a analýza zvláštnych znakov v ruskej arktickej zóne. Podrobná analýza migračných procesov, hodnotenie najmä, cieľových ukazovateľov štátneho programu o presídlovaní krajanov. Humanitná migrácia z Ukrajiny do ruskej arktickej zóny. | ||
| 610 | 2 | 0 | |a Rusko |
| 610 | 2 | 0 | |a politika migračná |
| 610 | 2 | 0 | |a kapitál ľudský |
| 610 | 2 | 0 | |a migrácia |
| 610 | 2 | 0 | |a politika environmentálna |
| 100 | 1 | |a Pitukhina, Maria | |
| 700 | 1 | |a Přívarová, Magdaléna, 1955- | |
| 700 | 1 | |a Přívara, Andrej, 1983- | |